Business Statistics (Record no. 7272)

MARC details
000 -LEADER
fixed length control field 00300nam a2200133Ia 4500
008 - FIXED-LENGTH DATA ELEMENTS--GENERAL INFORMATION
fixed length control field 191201s2008 xx 000 0 und d
100 ## - MAIN ENTRY--PERSONAL NAME
Personal name Gupta,S P
245 #0 - TITLE STATEMENT
Title Business Statistics
250 ## - EDITION STATEMENT
Edition statement 15th
260 ## - PUBLICATION, DISTRIBUTION, ETC. (IMPRINT)
Date of publication, distribution, etc 2008
Name of publisher, distributor, etc Sultan Chand
Place of publication, distribution, etc N.Delhi
300 ## - PHYSICAL DESCRIPTION
Extent 712
650 ## - SUBJECT ADDED ENTRY--TOPICAL TERM
Topical term or geographic name as entry element MBA
942 ## - ADDED ENTRY ELEMENTS (KOHA)
Source of classification or shelving scheme Dewey Decimal Classification
Koha item type Book Bank
942 ## - ADDED ENTRY ELEMENTS (KOHA)
-- 7
Holdings
Withdrawn status Lost status Source of classification or shelving scheme Damaged status Not for loan Collection code Home library Current library Date acquired Source of acquisition Cost, normal purchase price Bill Number Total Checkouts Acc. no. / Barcode Date last seen Date last borrowed Bill Date Koha item type Checked out
    Dewey Decimal Classification     MBA PIET C-LIBRARY PIET C-LIBRARY 16/10/2008 J B C, New Delhi 295.00 SI-4102 5 BB4417 23/01/2025 11/09/2024 16/10/2008 Book Bank  
    Dewey Decimal Classification     MBA PIET C-LIBRARY PIET C-LIBRARY 16/10/2008 J B C, New Delhi 295.00 SI-4102   BB4418 04/12/2019   16/10/2008 Book Bank 04/06/2020
    Dewey Decimal Classification     MBA PIET C-LIBRARY PIET C-LIBRARY 16/10/2008 J B C, New Delhi 295.00 SI-4102   BB4419 04/12/2019   16/10/2008 Book Bank 04/06/2020
    Dewey Decimal Classification     MBA PIET C-LIBRARY PIET C-LIBRARY 16/10/2008 J B C, New Delhi 295.00 SI-4102 1 BB4420 13/01/2021 13/01/2021 16/10/2008 Book Bank 02/08/2021
    Dewey Decimal Classification     MBA PIET C-LIBRARY PIET C-LIBRARY 16/10/2008 J B C, New Delhi 295.00 SI-4102 5 BB4421 20/01/2025 11/09/2024 16/10/2008 Book Bank  

Design & Developed by: PIET Central Library
R70 Miles Stone Pattikalyana Samalkha Panipat 132102
mail ID :- [email protected], Phone No:- 0180-2569700 Ex.216